000 00418nam a2200181Ia 4500
001 3023
005 20260306144850.0
008 260306t2019||||xx |||||||||||||| ||spa||
041 _aESP
082 _a242
_bP644
100 _aPhilippe, Jacques
_eAUT
245 0 _aLa oración, camino de amor
260 _c2019
300 _a152 páginas :
_c19 cm.
650 _aGEN
654 _aCHU
942 _cLIB
_dJUS
_fJUS
_2ddc
_n
999 _c3023
_d3023